| 000 | 05095nam a22005057a 4500 | ||
|---|---|---|---|
| 005 | 20080927140222.0 | ||
| 008 | 080927t xxu||||| |||| 00| 0 eng d | ||
| 010 | _aB-308703-721 | ||
| 020 |
_a9780091894603 _c295.00 |
||
| 035 | _aB-308703-721 | ||
| 035 | _aB-357663 | ||
| 037 | _bSuper (vendor) | ||
| 040 |
_adpl _bEnglish |
||
| 082 | _a153.42 | ||
| 100 | _aBono, Edward De | ||
| 245 |
_aHow to have a beautiful mind / _c by Edward De Bono |
||
| 250 | _aAbridged ed | ||
| 260 |
_aLondon _bVermillion _cc2004 |
||
| 270 |
_aRandom House, 20 Vauxhall Bridge Road _bLondon _eSW1V 2SA |
||
| 300 |
_a232p. _c22cm. (pbk) |
||
| 942 |
_2ddc _cEN _h153.42 _mBON |
||
| 999 |
_c15837 _d15837 |
||